Carregant...
Magna Carta, Religion and the Rule of Law
| Autor principal: | |
|---|---|
| Format: | Printed Book |
| Publicat: |
London
Cambridge
2015
|
| LEADER | 00425nam a22001217a 4500 | ||
|---|---|---|---|
| 020 | |a 9781107494367 | ||
| 082 | |a 340.11 |b GRI.M | ||
| 100 | |a Griffith-Jones Robin |a Hill Mark | ||
| 245 | |a Magna Carta, Religion and the Rule of Law | ||
| 260 | |a London |b Cambridge |c 2015 | ||
| 942 | |c BK | ||
| 999 | |c 8515 |d 8515 | ||
| 952 | |0 0 |1 0 |4 0 |6 340_110000000000000_GRI_M |7 0 |8 NFIC |9 10405 |a CAMPUS |b CAMPUS |d 2016-06-23 |l 0 |o 340.11 GRI.M |p 22548 |r 2016-06-23 |w 2016-06-23 |y BK | ||